00930nam a2200241 a 450000500170000000800410001704000250005804100080008304400070009109000130009810000330011124501180014426000590026230000110032165000230033265000310035565000170038665000260040366200580042994200130048799900150050095201730051520160826145014.0140227b1999 ck |||||rm||| 00| 0 spa d aCO-BoIAVHcCO-BoIAVH aspa ack aTEb0098 aOliveros Prada, Sonia Eliana aEstudio de la estructura y la composición de la vegetación de la Reserva el Rasgón (Piedecuesta, Santander) aBucaramangabUniversidad Industrial de Santanderc1999 a116 p. aEstructura vegetal aComposición florística aVegetación aIndices de diversidad aColombiacReserva El RasgóndPiedecuestabSantander cTESIS2z c1484d1484 00102z40708TESISIINV2017aBogotabBogotad1999-09-10eChaves, María Elfil1oTE-0098p002057r2015-01-23 00:00:00s2015-01-22tEj. 1w2012-12-04xDonacionyTESIS